| 000 | 00869nam a2200253 a 4500 | ||
|---|---|---|---|
| 001 | 49070 | ||
| 003 | BD-RjUL | ||
| 005 | 20211209054630.0 | ||
| 008 | 160817s1952 enk b 001 0 eng | ||
| 035 | _a(BD-RjUL)49189 | ||
| 040 |
_aDLC _cOCX _dOCoLC _dBD-RjUL _beng |
||
| 041 | _aeng | ||
| 082 |
_a355.22 _223 _bSIC 1952 |
||
| 100 | 1 | 0 |
_aSibley, Mulford Quickert. _9147630 |
| 245 | 1 | 0 |
_aConscription of conscience : _bthe American state and the conscientious objector, 1940-1947 / _cby Mulford Q. Sibley and Philip E. Jacob. |
| 260 |
_aIthaca : _bCornell University Press, _cc1952. |
||
| 300 |
_ax, 580 p. ; _c24 cm. |
||
| 500 | _aInclude lndex | ||
| 650 | 0 |
_aConscientious objectors _zUnited States. _9147631 |
|
| 700 | 1 |
_aJacob, Philip E., _ejoint author. _9147632 |
|
| 942 |
_2ddc _cBK |
||
| 999 |
_c49070 _d49070 |
||